000 01520nam a2200409 c 4500
999 _c72463
_d72463
003 BLK
005 20250802142655.0
008 180408b bul|||||r ||||||| ||bul||
010 _aKNG00076838000
020 _a954-26-0452-1
020 _a9789542604525
040 _aBLK
041 _aBUL
_cBUL
080 _aФренска литература
_b821.133.1
_x-93-31
_z821.133.1-93-31
100 1 _aМало, Хектор
_eпърви автор
_9259281
139 _aМало, Хектор
_bМ 23
245 1 0 _aБез дом
_cХектор Мало; прев. Анета Тошева, Венера Атанасова.
250 _aАдапт. изд.
257 _aFRA
260 _aПловдив
_bХермес
_c2006
_fХасково : Полиграфюг
300 _a224 с.
_c20 см
380 _aDX
490 1 _aЗлатно перо : Детско-юношеска класика
500 _aОриг. загл. Sans famille / Hector Malot. - Доп. тир. 2013, 2017.
653 _aромани
653 _aадаптирани книги
653 _aдетска литература
700 _aТошева, Анета Илиева
_9366009
700 1 _aАтанасова, Венера Иванова
_eпрев.
_9363320
852 _aЦб 235053
856 4 _qpdf
856 4 _qpdf
942 _cKNG
_n0
_036
_s1
944 _aCR
_c01.08.2007
_lИва Цветкова
_k30543
944 _aED
_c26.11.2014
_lф /
_kЛюдмила_Стоянова
999 _d72463